00930nam a2200253 a 450000100060000000300080000600500170001400800410003102000280007202000220010003500190012204000270014104100080016808200260017610000550020224500800025726000640033730000330040150400510043465100400048594200120052599900170053795201220055458421BD-RjUL20211209080622.0161218s1988 enkab b s001 0 eng  a0520058372 (alk. paper) a0520062930 (pbk.) a(BD-RjUL)58545 aDLCcDLCdBD-RjULbeng aeng00a330.952223bSMN 19881 aSmith, Thomas C.q(Thomas Carlyle),d1916-917350610aNative sources of Japanese industrialization, 1750-1920 /cThomas C. Smith. aBerkeley, Calif. :bUniversity of California Press,cc1988. aix, 278 p. :bill. ;c24 cm. aIncludes bibliographical references and index. 0aJapanxEconomic conditions.9173504 2ddccBK c58421d58421 00102ddc40718NFICaRUCLbRUCLcReadingd1996-03-02l0o330.952 SMN 1988r2016-12-18 00:00:00tC-1w2016-12-18yBK